000 00498nam a2200169Ia 4500
003 LK-CoDNM
005 20240725102535.0
008 010623t1915 xxu||||| |||| 00| 1 eng d
040 _aLK-CoDNM
_dLK-CoDNM
_eLK-CoDNM
041 _aeng
080 _a8
_bFF17
100 _aSmith,Grafton Elliot.
245 _aThe Migrations of early Culture
260 _bLongm,ans Green and Company,Manchester University Press
_aLondon, New York, Bombay, etc
_c1915
300 _bvii, 167p. ; 21 cm
942 _cBK
999 _c88446
_d88446